000 00598 a2200217 4500
001 21657
999 _c21657
_d8329
003 TR-AnTOB
005 20200331143246.0
008 041102s2003 tu tur
020 _a9750501063
041 _atur
050 _aD16.8
_b.A53 2003
090 _aD16.8 .A53 2003
100 _aAnderson, Perry,
_d1938-
_914838
245 0 _aTarihten siyasete eleştiri yazıları /
_cPerry Anderson ; çev. Simten Coşar ; haz. Elçin Gen.
264 1 _aİstanbul :
_bİletişim Yayınları,
_c2003
300 _a509 p. ;
_c18 cm.
650 _aTarih
_xFelsefe
_96704
902 _a0005894
942 _cBK